The Portable Stephen Crane (Record no. 33064)

MARC details
000 -LEADER
fixed length control field 00264nam a2200109Ia 4500
082 ## - DEWEY DECIMAL CLASSIFICATION NUMBER
Classification number 82-3
Item number KAT
100 ## - MAIN ENTRY--AUTHOR NAME
Personal name Katz, Joseph
245 #4 - TITLE STATEMENT
Title The Portable Stephen Crane
260 ## - PUBLICATION, DISTRIBUTION, ETC. (IMPRINT)
Place of publication England
Name of publisher Penguin
Year of publication 1979
942 ## - ADDED ENTRY ELEMENTS (KOHA)
Koha item type Books
Holdings
Withdrawn status Lost status Damaged status Not for loan Home library Current library Date acquired Full call number Accession Number Koha item type
        RRII Library RRII Library 16/12/2021 82-3 KAT 13565 Books